000 00295nam a22001337a 4500
008 170403b xxu||||| |||| 00| 0 eng d
020 _a0316797057
041 _aeng
080 _23 ED
_a574
100 _a9
101 _aSHM
245 _aTHEINTIMATE ENVIRONMENT
_cSKOHNICK.A.S
942 _2udc
_cBK
999 _c9560
_d9560